Statistiken für Alle S-Bahn-Stationen in Wien

Klicken Sie hier um das Quiz zu spielen!

Allgemein

  • Dieses Quiz wurde 330 mal gespielt
    (281 seit der letzten Aktualisierung)
  • Das Durchschnittsergebnis liegt bei 28 aus 49

Antwortstatistiken

S-BahnenStation% Korrekt
S1, S2, S3, S4, S60, S80Hauptbahnhof
93%
S1, S2, S3, S4, S7Floridsdorf
92%
S1, S2, S3, S4, S60, S80Meidling
91%
S1, S2, S3, S4, S7Praterstern
89%
S1, S2, S3, S4, S7Wien Mitte-Landstraße
88%
S1, S2, S3, S4, S7, S45Handelskai
86%
S45, S50, S80Hütteldorf
80%
S40, S45Heiligenstadt
78%
S1, S2, S3, S4Liesing
76%
S1, S2, S3, S4, S7Rennweg
76%
S80Simmering
76%
S45Ottakring
72%
S50Westbahnhof
72%
S1, S2, S3, S4, S80Matzleinsdorfer Platz
70%
S1, S2, S3, S4, S7Traisengasse
69%
S1, S2, S7Leopoldau
67%
S1, S2, S3, S4Quartier Belvedere
66%
S45, S50Penzing
63%
S45Hernals
61%
S1, S2, S7Siemensstraße
61%
S80Stadlau
60%
S80Aspern Nord
59%
S1, S2, S3. S4Atzgersdorf
59%
S1, S2, S3, S4Hetzendorf
55%
S7Zentralfriedhof
53%
S40Franz-Josefs-Bahnhof
52%
S7St. Marx
52%
S45Oberdöbling
51%
S80Speising
51%
S40Spittelau
50%
S45Krottenbachstraße
48%
S1Süßenbrunn
47%
S3, S4Brünner Straße
45%
S7Kaiserebersdorf
45%
S45Gersthof
44%
S80Erzherzog-Karl-Straße
43%
S80Praterkai
43%
S3, S4Strebersdorf
43%
S40Nußdorf
40%
S45Breitensee
38%
S60Grillgasse
38%
S80Hirschstetten
38%
S3, S4Jedlersdorf
38%
S50, S80Wolf in der Au
37%
S60Blumental
35%
S50, S80Hadersdorf
34%
S80Haidestraße
33%
S7Geiselbergstraße
31%
S50, S80Weidlingau
30%

Verteilung der Resultate

Perzentil nach korrekt beantworteten Fragen

Anzahl Personen mit jedem Resultat

Ihre Resultats-Entwicklung

Sie haben dieses Quiz seit der letzten Aktualisierung nicht gespielt